000 005690000a22001810004500
003 MACL
005 20160512122119.0
008 160512b xxu||||| |||| 00| 0 eng d
040 _aMACL
_cMACL
041 _aHindi
082 _a891.431
100 _aदे, विष्‍णु
_956276
245 _aस्‍मृति सत्‍ता भविष्‍यत
_cविष्‍णु दे
260 _bभारतीय ज्ञानपीठ
_c2008
_aदिल्‍ली
350 _a190
650 _aPoetry
_956277
942 _cHIN
_k800/DEY/P
_2ddc
999 _c11156
_d11156